L'Andorre en images - Statistiques

Statistiques générales
  • Ce quiz a été pris 297 fois
  • Le résultat moyen est 8 sur 18
Statistiques - réponses
Par images Hint Réponse % Correct
Coprince Emmanuel Macron
99%
Langue Catalan
96%
Ville Andorre-la-Vieille
92%
Chaîne de montagnes Pyrénées
91%
Monnaie Euro
89%
Pays Moldavie
68%
Forme étatique Principauté
60%
Empereur Charlemagne
58%
Compétition sportive Tour de France
53%
Culture Tabac
30%
Agglomération Pas de la Case
26%
Subdivision frontalières Catalogne | Occitanie
14%
Cours d'eau Ariège
10%
Station de sports d'hiver Grandvalira
9%
Principe Neutralité
5%
Paroisse Ordino
4%
Roi Boris Ier
2%
Parc d'attractions Naturlàndia
2%
Aucun quiz correspondant
Distribution des résultats
% des personnes avec chaque résultat
Percentile par nombre de réponses
Votre historique - résultats
Vous n’avez pas pris ce quiz